| 000 | 00000nam##2200000za#4500 |
| 001 | 9.589653 |
| 003 | CaOODSP |
| 005 | 20210624195741 |
| 007 | cr ||||||||||| |
| 008 | 150406|1998||||xxc|||||o f|0| 0 eng|d |
| 040 | |aCaOODSP|beng |
| 041 | |aeng |
| 041 | |afre |
| 043 | |an-cn--- |
| 086 | 1 |aSP2-6/1997-PDF |
| 110 | 1 |aCanada. |bQueen's Printer. |
| 245 | 10|aChartered banks - unclaimed balances |h[electronic resource] |
| 260 | |bQueen's Printer |cJune 27, 1998. |
| 300 | |a362p.|btables, index |
| 490 | 1 |aCanada gazette, Part I. Supplement |
| 520 | 3 |aThe accompanying statements have been compiled from returns made pursuant to section 638 of the Bank Act and section 504 of the Trust and Loan Companies Act. The amounts reported are those of $100 or more payable in Canada in Canadian currency, which have been unclaimed for nine years or more. |
| 590 | |a13-25-Supp|b2013-10-28 |
| 690 | 07|aBanking|2gcpds |
| 776 | 0#|tBanques à charte: soldes non réclamés : |w(CaOODSP)9.530937 |
| 792 | |tBanques à charte - soldes non réclamés |efre|w(CaOODSP)9.589654 |
| 830 | #0|aCanada gazette, part I. Supplement.|w(CaOODSP)9.500175 |
| 856 | 40|ahttp://publications.gc.ca|qPDF|s1.73 MB|uhttps://publications.gc.ca/collections/collection_2013/gazette/SP2-6-1997.pdf |